| 000 | 00564nam a22001937a 4500 | ||
|---|---|---|---|
| 003 | OSt | ||
| 005 | 20140310182529.0 | ||
| 008 | 130813t xxu||||| |||| 00| 0 eng d | ||
| 020 | _a97897103282804 | ||
| 050 |
_aPL 6057 _b.N532 2007 |
||
| 110 |
_aEncleare Foundation Inc. _99659 |
||
| 245 | _aThe new filipino english dictionary (revised edition) / | ||
| 250 | _a2nd ed. | ||
| 260 |
_aPhilippines : _bEncleare Foundation Inc., _c2007. |
||
| 300 |
_a593 p. ; _bill. ; _c27 cm. |
||
| 650 |
_aDictionary _xFilipino-English _99660 |
||
| 942 | _2lcc | ||
| 999 |
_c14114 _d14114 |
||